Oxford English for Electronics

Մատենագիտական մանրամասներ
Հիմնական հեղինակ: Glendinning E. H. Eric H.
Այլ հեղինակներ: McEwan J. John
Լեզու:անգլերեն
Հրապարակվել է: Oxford, Oxford University Press, 1996
Խորագրեր:
Ձևաչափ: Mixed Materials
KOHA link:https://koha.lib.tpu.ru/cgi-bin/koha/opac-detail.pl?biblionumber=14418

MARC

LEADER 00000nmm0a2200000 4500
001 14418
005 20231030185653.0
010 |a 0194573842 
035 |a (RuTPU)RU\TPU\book\14511 
035 |a BOOK00014579 
090 |a 14418 
100 |a 20011209d1996 m y0engy50 ba 
101 0 |a eng 
102 |a GB 
105 |a y j 000zy 
200 1 |a Oxford English for Electronics  |f E. H. Glendinning, J. McEwan 
210 |a Oxford  |c Oxford University Press  |d 1996 
215 |a 208 p.  |e Прил.: кассета 
610 1 |a английский язык 
610 1 |a учебные пособия 
610 1 |a технические хрестоматии 
610 1 |a электроника 
610 1 |a книги для чтения 
610 1 |a кассеты 
686 |a Ш143.21-923  |v LBC/SL-A  |2 rubbk 
700 1 |a Glendinning  |b E. H.  |g Eric H. 
701 1 |a McEwan  |b J.  |g John 
801 0 |a RU  |b 63413507  |c 20011209  |g PSBO 
801 2 |a RU  |b 63413507  |c 20131128  |g PSBO 
942 |c MX